Hospodaření palivy a energií průmyslových závodech : pokyny pro pracující v provozech /

Hlavní autor: Martínek, Otakar
Jazyk: Čeština
Vydáno: Praha : Státní nakladatelství technické literatury, 1954
Vydání: 1. vyd.
Fyzický popis: 93 s.
Knihy
Uloženo v:
LEADER 00731nam a2200217 a 4500
001 000612581
003 CZ BrMZK
005 20150112132808.0
007 ta
008 020725s1954 xr f cze d
015 |a cnb001695448 
035 |a (OCoLC)124089018 
040 |a BOA001  |b cze  |c BOA001 
100 1 |a Martínek, Otakar  |4 aut 
245 1 0 |a Hospodaření palivy a energií průmyslových závodech :  |b pokyny pro pracující v provozech /  |c zpracoval Otakar Martínek 
250 |a 1. vyd. 
260 |a Praha :  |b Státní nakladatelství technické literatury,  |c 1954 
300 |a 93 s. 
910 |a BOA001  |b 2-0348.118 
990 |a BK 
996 6 |b 2618972500  |c 2-0348.118  |l MZK  |r Sklad / do 24 hodin  |n 0  |w 000612581  |u 000010  |a 1  |e BOA001  |j MZK50  |s P